| 000 | 00379nam a2200145Ia 4500 | ||
|---|---|---|---|
| 008 | 150201s2009 xx 000 0 und d | ||
| 082 |
_a617.63 _bR2009M |
||
| 100 | _aMILES, DALE, A. | ||
| 245 | _aRADIOGRAPHIC IMAGING FOR DENTAL STUDENTS & PRACTITIONERS | ||
| 250 | _a4TH | ||
| 260 |
_bSAUNDERS _aPHILADELPHIA _c2009 |
||
| 300 | _a1-329 | ||
| 650 | _aRADIOLOGY | ||
| 942 |
_2ddc _cBK |
||
| 999 |
_c4572 _d4572 |
||